Loreto College Library, Kolkata
WEBOPAC (ONLINE PUBLIC ACCESS CATALOGUE)

The Spectator (Record no. 22482)

MARC details
000 -LEADER
fixed length control field 00645nam a2200217Ia 4500
008 - FIXED-LENGTH DATA ELEMENTS--GENERAL INFORMATION
fixed length control field 131103s9999 xx 000 0 und d
040 ## - CATALOGING SOURCE
Original cataloging agency Loreto College
041 ## - LANGUAGE CODE
Language code English
082 ## - DDC | ডিউই
Classification number | বর্গসংখ্যা 824.52/ADD
Book Number | গ্রন্থাঙ্ক LCLIB/1884
100 ## - MAIN ENTRY--PERSONAL NAME | মুখ্য সংলেখ - ব্যাক্তিনাম
Personal name | ব্যাক্তিনাম Joseph, Addison
245 #4 - TITLE STATEMENT | অাখ্যা বিবরণী
Title | অাখ্যা The Spectator
Statement of responsibility | লেখকের দায়িত্বের বিবরণ Addison Joseph and Steele Richard; edited by G. Gregory Smith
260 ## - IMPRINT | প্রকাশনা ক্ষেত্র
Place of publication | প্রকাশ স্থান London
Name of publisher | প্রকাশকের নাম J.M. Dent
Date of publication | প্রকাশ কাল V.4
300 ## - PHYSICAL DESCRIPTION |
Page / Vol. No | পৃষ্ঠা / খন্ড সংখ্যা 314p.
440 ## - SERIES STATEMENT |গ্রন্থমালা
Series Title | গ্রন্থমালা অাখ্যা Everyman's Library; no.166
504 ## - BIBLIOGRAPHY, ETC. NOTE
Bibliography, etc Library has V. 3
650 ## - SUBJECT ADDED ENTRY--TOPICAL TERM | বিষয় শিরোনাম - মূল বিষয়
Topical term | মূল বিষয় Richard, Steele. The Spectator
651 ## - SUBJECT ADDED ENTRY--GEOGRAPHIC NAME | বিষয় শিরোনাম - ভৌগলিক নাম
Geographic name | ভৌগলিক বিষয় English essays
700 ## - ADDED ENTRY--PERSONAL NAME | অতিরিক্ত সংলেখ - ব্
Personal name | ব্যাক্তিনাম Smith, G. Gregory; ed.
850 ## - HOLDING INSTITUTION
Holding institution LCLIB/824.52/ADD
942 ## - ADDED ENTRY ELEMENTS (KOHA)
Koha item type Books
Holdings
Withdrawn status Lost status Source of classification Damaged status Not for loan Home library Current library Date acquired Total Checkouts Full call number Accession No. Date last seen Date checked out Price effective from Koha item type
Withdrawn   Dewey Decimal Classification     Loreto College Loreto College 04/11/2013 2 824.52/ADD LCLIB/1884 B24887 12/07/2016 12/07/2016 04/11/2013 Books